LEADER 01087nam a2200253 i 4500 001 000000066636 003 CaOOAMICUS 005 20221011094509.0 008 990121s1953 sz u000 u eng u 013 $a37808 040 $aSeMil$bita 100 1 $aDorenkemper, Mark,$c.$0(OLS)http://semarc/name/33429 245 14$aThe Trinitarian doctrine and sources of St. Caesarius of Arles /$cMark Dorenkemper. 264 1$aFreiburg (Schweiz) :$bUniversitätsverlag,$c1953. 300 $aIX, 234 p. ;$c24 cm 490 1 $aParadosis ;$v9 600 04$aCesario : di Arles .$0(OLS)http://semarc/subject/11084 650 4$aTrinitā.$0(OLS)http://semarc/subject/940 830 0$aParadosis ;$v9.$0(OLS)http://semarc/title/420187 850 $aSeMil 852 $aSeMil$W1$xVenegono$y1$m2N IV 209$j32789$B32789$CSeMilBibl$Z2$F32792 $81 996 $6245$aThe Trinitarian doctrine and sources of St. Caesarius of Arles$9(OLS)http://semarc/title/105999 996 $6264$aFreiburg (Schweiz) :$bUniversitätsverlag$9(OLS)http://semarc/publisher/29720 LEADER 00774nam a2200205 i 4500 001 000000212453 003 CaOOAMICUS 005 20120412000000.0 008 120412s1950 it u000 u ita u 013 $a191288 040 $aSeMil$bita 245 12$aI Sacramenti. 300 $a653 p. 500 $aContiene : Appendice. 650 4$aSacramenti - Catechesi.$0(OLS)http://semarc/subject/3571 773 0 $aCastegnaro, Bortolo$tCatechismo agli adulti.$bnona edizione nuovamente riveduta ed aggiornata.$dVicenza : S. A. Giovanni Galla, stampa 1949-stampa 1950.$gVolume2$w()26591 850 $aSeMil 852 $aSeMil$W1$xVenegono$y1$m2D I 2$j162887$B162887$CSeMilBibl$Z2$F174021 $81 961 $aOmaggio: Deposito 996 $6245$aI Sacramenti$9(OLS)http://semarc/title/12760